000 00551nam a2200193 a 4500
005 20220622063611.0
008 120625s2007 mx r 000 0 spa d
020 _a9789706888976
035 _aUPN01000185422
049 _aI
050 4 _aPZ74.9
_bZ4.6
100 1 _aZepeda, Monique
_932349
245 1 0 _aSentido contrario en la selva /
_cMonique Zepeda.
260 _aMéxico :
_bSM,
_c2007.
300 _a151 p. :
_bil.
440 3 _aEl barco de vapor a partir de 12 años ;
_v9
650 0 _aAnimales
_vCuentos y leyendas
_9234
905 _aLibro
999 _c157525
_d157525